000 00911cam a22002897a 4500
003 CHAP
005 20220329141409.0
008 971013s1988 co a r 00010 spa d
010 _a67523
011 _a68495
035 _a77967
040 _cCHAP
082 _a633.73
_bF44
110 _aFederación Nacional de Cafeteros de Colombia
_939931
245 1 0 _aCafé
_b: productos básicos y desarrollo económico internacional
260 _a[Bogotá] :
_bLa Federación,
_c[1988?]
300 _a186 p.
590 _aBATCH-UPD
_b10
_c20130110
_lUCH01
_h1059
590 _aBATCH-UPD
_b10
_c20130410
_lUCH01
_h0653
590 _aBATCH-UPD
_b10
_c20130914
_lUCH01
_h0807
590 _aCONVERSION
_b10
_c20130109
_lUCH01
_h1337
650 1 4 _aCafé.
_917085
650 1 4 _aCafé
_xAspectos económicos.
_917090
901 _aBK
942 _cLIBRO
949 _a633.73 F44
_bBC
_cLIBRO
_d33724000198743
_eLIBRO
_h73160
_i77967
_si
999 _c67523
_d67523